000 00712nam a2200217 a 4500
999 _c3883
_d3883
001 3883
003 BD-JhCC
005 20180306190420.0
008 171119s19651980bg |||| |||| 00| 0 ben d
035 _a(BD-JhCC)3883
040 _aBD-JhCC
_dBD-JhCC
041 _aben
082 _a398.09
_bDHA 1965
100 _aমনিরুজ্জামান, মোহাম্মদ
245 _aঢাকার লোককাহিনী /
_cমোহাম্মদ মনিরুজ্জামান (সম্পাদিত)
260 _aঢাকা :
_bবাংলা একাডেমী,
_c1965.
300 _a144 p. :
_c22 cm.
650 _aFolk tales
_xDacca
942 _2ddc
_cBK